Largest US Cities by Land Area Quiz Stats

 Plays Quiz Updated Oct 3, 2018

Score 0/30 Timer 04:00
0 Plays Today
Area (sq. mi.) City % Correct
340.5Dallas
93.9%
599.6Houston
93.1%
468.7Los Angeles
92.9%
302.6New York
90.6%
516.7Phoenix
89.9%
606.4Oklahoma City
89.5%
475.1Nashville
84.7%
1,704.7 Anchorage
84.6%
227.6Chicago
83.8%
361.4Indianapolis
83.6%
460.9San Antonio
81.2%
297.9Austin
80.5%
325.2San Diego
79.7%
747.0Jacksonville
76.7%
315.1Memphis
74.6%
Area (sq. mi.) City % Correct
325.2Louisville
69.3%
216.4Columbus
69.1%
217.2Columbus
69.1%
315.0Kansas City
68.5%
339.8Fort Worth
63.9%
297.7Charlotte
61.7%
255.2El Paso
61.1%
196.8Tulsa
57%
194.5Colorado Springs
53.4%
226.7Tucson
53.1%
249.0Virginia Beach
50%
283.6Lexington
48.9%
302.5Augusta
30.2%
209.1Huntsville
26.8%
340.8Chesapeake
14.6%

You're not logged in!

Compare scores with friends on all Sporcle quizzes.
OR
Log In

Sporcle TV

Today on Sporcle TV


Watch our educational content, quiz creation guides, and fun videos on Sporcle TV.

Show Comments

Extras

Top Quizzes Today


Score Distribution

Your Account Isn't Verified!

In order to create a playlist on Sporcle, you need to verify the email address you used during registration. Go to your Sporcle Settings to finish the process.

Report this User

Report this user for behavior that violates our Community Guidelines.

Details: